| 000 | 00790nam a22002417a 4500 | ||
|---|---|---|---|
| 999 |
_c21555 _d21555 |
||
| 003 | AR-CdUCM | ||
| 008 | 190312b ||||| |||| 00| 0 spa d | ||
| 020 | _a978-612-47479-8-4 | ||
| 040 |
_aMUNICIPALIDAD PROVINCIAL DEL CUSCO _cBIBLIOTECA MUNICIPAL DEL CUSCO |
||
| 082 |
_a306.08/B21 _bB21 |
||
| 100 |
_aBranca, Domenico _945342 |
||
| 245 |
_aIdentidad Aymara en el Perú : _bNación vivencia y narración / _cDomenico Branca |
||
| 260 |
_aLima : _bEditorial horizonte, _c2017. |
||
| 300 |
_a294 páginas. : _c23 cm. |
||
| 440 |
_aAntropología y Etnología, _n16. _945343 |
||
| 650 |
_aIdentidad cultural _92943 |
||
| 650 |
_aNación e identidad _945344 |
||
| 650 |
_aNación Aymara _945345 |
||
| 650 |
_aPuno _93897 |
||
| 650 |
_aPerú _945346 |
||
| 942 |
_2ddc _cLIBROS |
||
| 945 | _aRoel | ||